• 首页
  • 本馆介绍
  • 公告通知
  • 最新文献
  • 馆藏检索
  • 电子资源
  • 读者导购
  • 参考咨询
  • 我的图书馆
  • 登录
  • 详细信息显示
  • 放入我的书架
  • 预约/预借图书
  • 作者相关作品
  • 分类相关作品
  • 丛书相关作品
  • 出版社相关作品

书目信息

  • 表格格式
  • 工作单格式
  • 卡片格式
题名:
广播电视新闻评论
    
 
作者: 王振业 , 李舒 著
分册:  
出版信息: 北京   中国传媒大学出版社  2009
页数: 394页
开本: 21cm
丛书名:
单 册:
中图分类: G222.1
科图分类:
主题词: 广播电视--评论性新闻--教材 , 广播电视 , 评论性新闻
电子资源:
ISBN: 978-7-81127-266-6
000 00996nam0 2200289 45
001 1130730515
005 20110310092337.32
010    @a978-7-81127-266-6@dCNY25.00
100    @a20110122e20102009em y0chiy50 ea
101 0  @achi
102    @aCN@b110000
105    @ay z 000yy
106    @ar
200 1  @a广播电视新闻评论@AGuang Bo Dian Shi Xin Wen Ping Lun@f王振业,李舒著@FWang Zhen Ye, Li Shu Zhu
205    @a2版
210    @a北京@c中国传媒大学出版社@d2009@h2010
215    @a394页@d21cm
300    @a21世纪新闻传播学核心教材
330    @a本书主要论述了新闻评论及其载体特征,新闻评论的要素和基本知识,广播、电视评论的个性特征,广播、电视评论的基本形式,广播、电视评论的选题和立论,广播、电视评论的写作和制作等内容。
606 0  @a广播电视@x评论性新闻@j教材
606 0  @a广播电视
606 0  @a评论性新闻
690    @aG222.1@v4
701  0 @a王振业@AWang Zhen Ye@4著
701  0 @a李舒@ALi Shu@4著
801  0 @aCN@bTANGWEI@c20110310
905    @b0531810-13@dG222.1@e119=2@f4
    
    广播电视新闻评论/王振业,李舒著.-2版.-北京:中国传媒大学出版社,2009(2010)
    394页;21cm
    21世纪新闻传播学核心教材
    
    ISBN 978-7-81127-266-6:CNY25.00
    本书主要论述了新闻评论及其载体特征,新闻评论的要素和基本知识,广播、电视评论的个性特征,广播、电视评论的基本形式,广播、电视评论的选题和立论,广播、电视评论的写作和制作等内容。
●
相关链接 在E读中查询图书 在五车中查询图书 在当当中查询图书 在豆瓣中查询图书


正题名:广播电视新闻评论     索取号:G222.1/119=2         预约/预借

序号 登录号 条形码 馆藏地/架位号 状态 备注
1 0531810   205318100   第一样本阅览室/ [索取号:G222.1/119=2] 在馆    
2 0531811   205318119   密集书库-文学院/ [索取号:G222.1/119=2] 在馆    
3 0531812   205318128   第四借阅区/ [索取号:G222.1/119=2] 在馆    
4 0531813   205318137   第四借阅区/ [索取号:G222.1/119=2] 在馆    
唐山师范学院图书馆 欢迎您!
大连网信软件有限公司© 版权所有